| 000 | 00735nam a2200241 i 4500 | ||
|---|---|---|---|
| 003 | DO-SdBNP | ||
| 005 | 20231003113457.0 | ||
| 007 | ta | ||
| 008 | 110413s2001 dr co 000 0 spa d | ||
| 020 | _a0761917888 | ||
| 040 |
_aDO-SdBNP _bspa _cBNPHU _erda |
||
| 082 |
_bP192d _222 |
||
| 100 |
_aPaniagua, Freddy A. _eautor _927997 |
||
| 245 | 1 | 0 |
_aDiagnosis in a multicultural context : _ba casebook for mental health profesisonals / _cFreddy A. Paniagua |
| 264 |
_aLondon : _bAcademic Press, _c2000. |
||
| 300 |
_a252 páginas ; _c25 cm. |
||
| 336 |
_2rdacontent _atexto _btxt |
||
| 337 |
_2rdamedia _asin mediación _bn |
||
| 338 |
_2rdacarrier _avolumen _bnc |
||
| 590 | _aInventariado, 2023/ DG | ||
| 910 | _aDG | ||
| 942 |
_2ddc _cLBS1 |
||
| 999 |
_c55048 _d55048 |
||